000 00510nam a2200193Ia 4500
008 191130s2006##################000#0#eng##
020 _a9783822822180
040 _aACL
_cACL
082 _a709.730740194 HON
100 _aHonnef, Klaus
245 _aPop art
_cKlaus Honnef, Uta Grosenick
260 _aKöln
_bTASCHEN
_c2006
300 _a95 p. ; 23 cm
650 _aPop art -- History
700 _aGrosenick, Uta
990 _a58325db2ac10000c2652363c6044261c
991 _a300833
999 _c283463
_d283463